| 000 -LEADER |
| fixed length control field |
04920aam a22006371a 4500 |
| 001 - CONTROL NUMBER |
| control field |
017972468 |
| 003 - CONTROL NUMBER IDENTIFIER |
| control field |
Uk |
| 005 - DATE AND TIME OF LATEST TRANSACTION |
| control field |
20230911082051.0 |
| 006 - FIXED-LENGTH DATA ELEMENTS--ADDITIONAL MATERIAL CHARACTERISTICS |
| fixed length control field |
m || d | |
| 007 - PHYSICAL DESCRIPTION FIXED FIELD--GENERAL INFORMATION |
| fixed length control field |
cr ||||||||||| |
| 008 - FIXED-LENGTH DATA ELEMENTS--GENERAL INFORMATION |
| fixed length control field |
140225s2012 enka ob 001 d eng d |
| 015 ## - NATIONAL BIBLIOGRAPHY NUMBER |
| National bibliography number |
GBB6I6344 |
| Source |
bnb |
| 020 ## - INTERNATIONAL STANDARD BOOK NUMBER |
| International Standard Book Number |
9781903436912 |
| Qualifying information |
(pbk.) |
| 020 ## - INTERNATIONAL STANDARD BOOK NUMBER |
| Canceled/invalid ISBN |
1903436915 |
| Qualifying information |
(pbk.) |
| 037 ## - SOURCE OF ACQUISITION |
| Stock number |
9781408151983 |
| Source of stock number/acquisition |
CodeMantra |
| 040 ## - CATALOGING SOURCE |
| Original cataloging agency |
YDXCP |
| Language of cataloging |
eng |
| Transcribing agency |
YDXCP |
| Modifying agency |
OCLCO |
| -- |
OCLCF |
| -- |
EBLCP |
| -- |
OCLCO |
| -- |
OCLCQ |
| -- |
Uk |
| -- |
KH8 |
| Description conventions |
pn |
| 042 ## - AUTHENTICATION CODE |
| Authentication code |
ukblsr |
| 082 04 - DEWEY DECIMAL CLASSIFICATION NUMBER |
| Classification number |
822.33 SHA |
| Edition number |
23 |
| 100 1# - MAIN ENTRY--PERSONAL NAME |
| Personal name |
Shakespeare, William, |
| Dates associated with a name |
1564-1616, |
| Relator term |
author. |
| 245 10 - TITLE STATEMENT |
| Title |
Romeo and Juliet / |
| Statement of responsibility, etc. |
edited by René Weis. |
| 260 ## - PUBLICATION, DISTRIBUTION, ETC. |
| Place of publication, distribution, etc. |
London : |
| Name of publisher, distributor, etc. |
Arden Shakespeare, |
| Date of publication, distribution, etc. |
2012. |
| 300 ## - PHYSICAL DESCRIPTION |
| Extent |
xviii, 451 pages : |
| Other physical details |
illustrations. |
| 336 ## - CONTENT TYPE |
| Content type term |
text |
| Source |
rdacontent |
| 337 ## - MEDIA TYPE |
| Media type term |
computer |
| Source |
rdamedia |
| 338 ## - CARRIER TYPE |
| Carrier type term |
online resource |
| Source |
rdacarrier |
| 490 1# - SERIES STATEMENT |
| Series statement |
The Arden Shakespeare. Third series |
| 504 ## - BIBLIOGRAPHY, ETC. NOTE |
| Bibliography, etc. note |
Includes bibliographical references (pages 427-440) and index. |
| 505 0# - FORMATTED CONTENTS NOTE |
| Formatted contents note |
Cover; Title page; Author biography; Dedication; Table of Contents; List of illustrations; General editors' preface; Preface; Writing love; Love and literary form; Time's winged chariot; Earth tremors and thirteen-year-old children; Nashe's Have With You to Saffron Walden (1596) and Romeo and Juliet; A Midsummer Night's Dream; Lord Hunsdon's servants and Will Kemp at the Curtain (1596-7?); The dates of first performance and publication; Love's young sweet song: 'an excellent conceited tragedy'; 'All the daughters of my father's house'; Introduction; Sources. |
| 505 8# - FORMATTED CONTENTS NOTE |
| Formatted contents note |
Brooke's Tragical History of Romeus and JulietTybalt, Mercutio and Paris; Performing love; From London (c. 1596) and Cambridge (c. 1598-1601) to Douai (1694-5); From Garrick (1748) to Berlioz (1839) and Cushman (1845); From Gounod (1867) and Tchaikovsky (1870/80) to Gielgud and Prokofiev (1935); From West Side Story (1957) to Old Pronunciation Shakespeare (2004); The age of Zeffirelli (1960-8); Bogdanov and Luhrmann: from Alfa Romeo to Clockwork Orange Shakespeare and beyond (1986- ); The texts: Q1 (1597) and Q2 (1599); Nurse's italics and Capulet's Wife's speech prefixes; Editorial procedures. |
| 505 8# - FORMATTED CONTENTS NOTE |
| Formatted contents note |
Q1's stage directions: a record of performance or 'literary' ornaments?From Q1 to Q2; Second thoughts: Queen Mab and others; Shakespeare's handwriting and what it has left us; ROMEO AND JULIET; Scene 1.2; Scene 1.1; The Prologue; Scene 1.5; Scene 1.4; Scene 1.3; Scene 2.2; Scene 2.1; Scene 2.0; Scene 2.4; Scene 2.3; Scene 2.6; Scene 2.5; Scene 3.2; Scene 3.1; Scene 3.5; Scene 3.4; Scene 3.3; Scene 4.2; Scene 4.1; Scene 4.5; Scene 4.4; Scene 4.3; Scene 5.3; Scene 5.2; Scene 5.1; 1 Q1 and Q4 readings; Appendices; 2 Q1 Romeo and Juliet; 3 Rhyme; 4 Casting and doubling. |
| 505 8# - FORMATTED CONTENTS NOTE |
| Formatted contents note |
Abbreviations and referencesAbbreviations used in notes; Works by and partly by Shakespeare; Editions of Shakespeare collated; Other works cited or used; eCopyright. |
| 520 ## - SUMMARY, ETC. |
| Summary, etc. |
This major new edition of Shakespeare's greatest tragedy of love argues that that play is ultimately Juliet's. The play text is expertly edited and the on-page commentary notes discuss issues of staging, theme, meaning and Shakespeare's use of his sources to give the reader deep and engaging insights into the play.<br/>The richly illustrated introduction looks at the play's exceptionally beautiful and complex language and focuses on the figure of Juliet as being at its centre. Rene Weis discusses the play's critical, stage and film history, including West Side Story and Baz Luhrmann's seminal film Romeo + Juliet. An authoritative edition from a leading scholar giving the reader a penetrating and wide-ranging insight into this ever popular play. |
| 588 0# - SOURCE OF DESCRIPTION NOTE |
| Source of description note |
Print version record. |
| 600 10 - SUBJECT ADDED ENTRY--PERSONAL NAME |
| Personal name |
Shakespeare, William, |
| Dates associated with a name |
1564-1616. |
| Title of a work |
Romeo and Juliet. |
| 600 00 - SUBJECT ADDED ENTRY--PERSONAL NAME |
| Personal name |
Romeo |
| Titles and other words associated with a name |
(Fictitious character) |
| Form subdivision |
Drama. |
| 600 00 - SUBJECT ADDED ENTRY--PERSONAL NAME |
| Personal name |
Juliet |
| Titles and other words associated with a name |
(Fictitious character) |
| Form subdivision |
Drama. |
| 630 07 - SUBJECT ADDED ENTRY--UNIFORM TITLE |
| Uniform title |
Romeo and Juliet (Shakespeare, William) |
| Source of heading or term |
fast |
| Authority record control number or standard number |
(OCoLC)fst01356193 |
| 650 #7 - SUBJECT ADDED ENTRY--TOPICAL TERM |
| Topical term or geographic name entry element |
Literary studies: c 1500 to c 1800. |
| Source of heading or term |
bicssc |
| 650 #0 - SUBJECT ADDED ENTRY--TOPICAL TERM |
| Topical term or geographic name entry element |
Vendetta |
| Geographic subdivision |
Italy |
| -- |
Verona |
| Form subdivision |
Drama. |
| 650 #4 - SUBJECT ADDED ENTRY--TOPICAL TERM |
| Topical term or geographic name entry element |
Juliet (Fictitious character) |
| Form subdivision |
Drama. |
| 650 #4 - SUBJECT ADDED ENTRY--TOPICAL TERM |
| Topical term or geographic name entry element |
Romeo (Fictitious character) |
| Form subdivision |
Drama. |
| 650 #4 - SUBJECT ADDED ENTRY--TOPICAL TERM |
| Topical term or geographic name entry element |
Shakespeare, William, 1564-1616. Romeo and Juliet. |
| 650 #4 - SUBJECT ADDED ENTRY--TOPICAL TERM |
| Topical term or geographic name entry element |
Vendetta |
| Geographic subdivision |
Italy |
| General subdivision |
Verona |
| Form subdivision |
Drama. |
| 650 #7 - SUBJECT ADDED ENTRY--TOPICAL TERM |
| Topical term or geographic name entry element |
Juliet (Fictitious character) |
| Source of heading or term |
fast |
| Authority record control number or standard number |
(OCoLC)fst00984804 |
| 650 #7 - SUBJECT ADDED ENTRY--TOPICAL TERM |
| Topical term or geographic name entry element |
Romeo (Fictitious character) |
| Source of heading or term |
fast |
| Authority record control number or standard number |
(OCoLC)fst01100152 |
| 650 #7 - SUBJECT ADDED ENTRY--TOPICAL TERM |
| Topical term or geographic name entry element |
Vendetta. |
| Source of heading or term |
fast |
| Authority record control number or standard number |
(OCoLC)fst01165132 |
| 650 #7 - SUBJECT ADDED ENTRY--TOPICAL TERM |
| Topical term or geographic name entry element |
Drama |
| General subdivision |
Shakespeare. |
| Source of heading or term |
bisacsh |
| 650 #7 - SUBJECT ADDED ENTRY--TOPICAL TERM |
| Topical term or geographic name entry element |
Shakespeare plays. |
| Source of heading or term |
bicssc |
| 651 #7 - SUBJECT ADDED ENTRY--GEOGRAPHIC NAME |
| Geographic name |
Italy |
| Geographic subdivision |
Verona. |
| Source of heading or term |
fast |
| Authority record control number or standard number |
(OCoLC)fst01204568 |
| 655 #4 - INDEX TERM--GENRE/FORM |
| Genre/form data or focus term |
Electronic books. |
| 655 #7 - INDEX TERM--GENRE/FORM |
| Genre/form data or focus term |
Drama. |
| Source of term |
fast |
| Authority record control number or standard number |
(OCoLC)fst01423879 |
| 700 1# - ADDED ENTRY--PERSONAL NAME |
| Personal name |
Weis, René, |
| Dates associated with a name |
1953- |
| Relator term |
editor. |
| 800 1# - SERIES ADDED ENTRY--PERSONAL NAME |
| Personal name |
Shakespeare, William, |
| Dates associated with a name |
1564-1616. |
| Title of a work |
Works. |
| Date of a work |
1995. |
| 942 ## - ADDED ENTRY ELEMENTS (KOHA) |
| Source of classification or shelving scheme |
|
| Koha item type |
Teaching Resources |